000 01128cam a2200217 4500
001 ABS63268
008 000000n2000 000 0 eng u
035 _a(Sirsi) u109896
100 _aRashleigh, W
245 _aRecouping their losses
260 _c2000
490 _aBuilding Design
_v(1466) 24 November 2000, 12(1)
520 _aDescribes how the deficit of badly designed buildings is gradually being replenished as businesses realise the value of their intangible assets. Research by Jon Rouse, chief executive of Cabe, shows that the emphasis is shifting away from speculative development and the expectation of rapid financial returns and moving towards an appreciation that good architecture could add value of a different kind to a company, such as it brand identity and corporate identity, as well as fostering an atmosphere where workers are more likely to feel inspired and thrive.
590 _aABS
650 _aARCHITECTURAL VALUE
650 _aCORPORATE IDENTITY
650 _aBUILDING DESIGN VALUE
650 _aCORPORATE PROPERTY
690 _aBUILT ENVIRONMENT-CONSTRUCTION DESIGN
942 _n0
999 _c65561
_d65561